| 000 | 00976nam a2200205Ia 4500 | ||
|---|---|---|---|
| 999 |
_c50915 _d50915 |
||
| 001 | 17870 | ||
| 003 | GE_BSU | ||
| 005 | 20200226162736.0 | ||
| 008 | 181216s2012ge xx |||||||||||||| ||geo|| | ||
| 020 | _a9789941201486 | ||
| 040 | _cGE_BSU | ||
| 041 | _ageo | ||
| 080 | _a622.24(075.8) ვ-21 | ||
| 100 |
_aვარშალომიძე, გ. _95098 |
||
| 245 |
_aსაბურღი და ცემენტის ხსნარების დამუშავების ტექნოლოგიები : _bსახელმძღვანელო / _cგ. ვარშალომიძე,. |
||
| 264 |
_aთბილისი : _bსაგამ-ლო სახლი "ტექნიკური უნ-ტი, _c2012. |
||
| 300 |
_a367 გვ. : _c23 სმ. |
||
| 653 | _aსაბურღი და ცემენტის ხსნარების დამუშავების ტექნოლოგიები | ||
| 942 |
_cBK _2udc |
||